Druhohory severných svahov Nízkych Tatier (oblasť medzi Križiankou a Ľupčiankou)

Bibliographic Details
Main Author: Bujnovský, Alfonz, 1937- (Author)
Format: Article
Language:Slovak
PhysicalDescription:Fotogr., obr.
Subjects:

MARC

LEADER 00000nab a2200000 ar4500
001 vtls009330761
003 SK-MaSNL
005 20260303055340.0
008 080905|1975 xo |||||||||||||| b|slo
015 |a SNBRA2008/09  |2 snkbucl 
038 |a SNKBUCL 
040 |a SNKBUCL  |b slo  |e AACR2  |c SNKBUCL 
041 0 |a slo 
044 |a xo  |c SK 
080 |a 551.76  |x (437.6)  |2 2001 
100 1 |a Bujnovský, Alfonz,  |d 1937-  |4 aut  |9 77100 
245 1 0 |a Druhohory severných svahov Nízkych Tatier  |b (oblasť medzi Križiankou a Ľupčiankou)  |c Alfonz Bujnovský 
300 |b Fotogr., obr. 
504 |a Bibliogr. odkazy 
650 0 7 |a druhohory  |2 snkbucl  |9 79225 
651 7 |a Nízke Tatry (Slovensko : pohorie)  |2 snkbucl  |9 173011 
651 7 |a Liptov (Slovensko : región)  |2 snkbucl  |9 151081 
655 7 |a štúdie  |2 snkbucl  |9 57033 
773 0 |t Liptov 3  |d Martin : Osveta ; Ružomberok : Liptovské múzeum, 1975  |g S. 83-102 
852 |a SNK  |b KIS3GCP 
958 |a NB 
999 |c 1727003  |d 1728933